| 000 | 01004nam a2200241 i 4500 | ||
|---|---|---|---|
| 001 | 18737 | ||
| 003 | ES-MaACL | ||
| 005 | 20230906151918.0 | ||
| 007 | t| | ||
| 008 | 020311s1996 fr |||| | fre d | ||
| 020 | _a2-85944-324-X | ||
| 080 | _a37(460)"15/16" | ||
| 245 | 0 | 3 |
_aLa formation de l'enfant en Espagne aux XVIe et XVIIe siècles _b: Colloque International (Sorbonne et Collège d'Espagne, 25-27 septembre 1995) / _csous la direction d'Augustin Redondo. |
| 260 |
_aParis : _bPublications de la Sorbonne : _bPresses de la Sorbonne Nouvelle, _c1996. |
||
| 300 |
_a425 p. ; _c24 cm. |
||
| 490 | 1 |
_aTravaux du "Centre de recherche sur l'Espagne des XVIe et XVIIe siècles" ; _v11 |
|
| 546 | _aTextos en francés y en español. | ||
| 650 | 4 |
_aEnseñanza- _zEspaña- _yS.XVI-XVII. _912287 |
|
| 700 | 1 |
_aRedondo, Augustin. _995809 |
|
| 830 | 0 |
_aTravaux du "Centre de recherche sur l'Espagne des XVIe et XVIIe siècles" ; _v11 _9228826 |
|
| 852 |
_aES-MaACL _jL-25314 |
||
| 999 |
_c18737 _d18737 |
||